La construcción cultural de Chile

-д хадгалсан:
Номзүйн дэлгэрэнгүй
Үндсэн зохиолч: Chihuailaf Nahuelpan, Elicura (Зохиогч)
Бусад зохиолчид: Jocelyn-Holt Letelier, Alfredo (autor), Martinic Beros, Mateo (autor), Montecino Aguirre, Sonia (autora), Salazar Vergara, Gabriel Segundo (autor), Núñez Atencio, Lautaro (autor)
Формат: Ном
Хэл сонгох:испани
Хэвлэсэн: Santiago Ediciones Cultura 2010
Хэвлэл:1a. ed
Нөхцлүүд:
Шошгууд: Шошго нэмэх
Шошго байхгүй, Энэхүү баримтыг шошголох эхний хүн болох!

MARC

LEADER 00000cam a2200000 a 4500
001 UCG5784
003 CL-VaPUC
005 20250505164444.0
008 110317e20100900cl 1 spa d
020 |a 9789568327699 
082 0 4 |a 306.42  |b CHI  |2 21 
100 |a Chihuailaf Nahuelpan, Elicura  |e author  |9 360242 
700 |a Jocelyn-Holt Letelier, Alfredo  |e autor  |9 739950 
700 |a Martinic Beros, Mateo  |e autor  |9 315280 
700 |a Montecino Aguirre, Sonia  |e autora  |9 342204 
700 |a Salazar Vergara, Gabriel Segundo  |e autor  |9 621733 
700 |a Núñez Atencio, Lautaro  |e autor  |9 441291 
245 1 3 |a La construcción cultural de Chile 
250 |a 1a. ed 
260 |a Santiago  |b Ediciones Cultura  |c 2010 
300 |a 121 p 
583 |a last modification  |c 20190812 09:24:24  |k Rodrigo Vera 
650 0 0 |a Desarrollo social  |9 264534 
650 0 0 |a Desarrollo cultural  |9 267526 
942 |c BK 
945 |a jcampos  |d 20110317 00:00:00 
546 |a En Español 
536 |a Consejo Nacional de la Cultura y las Artes 
518 |p Convención Nacional de la Cultura, 6, La Serena, 20-23 de Agosto de 2009 
999 |c 384605  |d 384603 
952 |0 0  |1 0  |4 0  |6 306_420000000000000_CHI_2010  |7 0  |8 A  |9 507439  |a BIBEDU  |b BIBEDU  |d 2020-01-23  |i 4757238  |l 1  |o 306.42 CHI 2010  |p 4757238  |r 2024-05-14  |s 2024-04-30  |w 2020-01-23  |y BK  |k EDU 
952 |0 0  |1 0  |4 0  |6 306_420000000000000_CHI_2010  |7 0  |8 A  |9 507440  |a BIBGIM  |b BIBGIM  |d 2020-01-23  |i 481486K  |o 306.42 CHI 2010  |p 481486K  |r 2025-01-15  |w 2020-01-23  |y BK  |k SSL 
952 |0 0  |1 0  |4 0  |6 306_420000000000000_CHI_2010  |7 0  |8 A  |9 507441  |a BIBGIM  |b BIBGIM  |d 2020-01-23  |i 4814878  |o 306.42 CHI 2010  |p 4814878  |r 2024-01-16  |w 2020-01-23  |y BK  |k SSL 
952 |0 0  |1 0  |4 0  |6 306_420000000000000_CHI_2010  |7 0  |8 A  |9 507442  |a BIBGIM  |b BIBGIM  |d 2020-01-23  |i 4814886  |o 306.42 CHI 2010  |p 4814886  |r 2025-01-15  |w 2020-01-23  |y BK  |k SSL 
952 |0 0  |1 0  |4 0  |6 306_420000000000000_CHI_2010  |7 0  |8 A  |9 507443  |a BIBGIM  |b BIBGIM  |d 2020-01-23  |i 4814894  |l 1  |o 306.42 CHI 2010  |p 4814894  |r 2025-01-15  |s 2022-04-12  |w 2020-01-23  |y BK  |k SSL 
952 |0 0  |1 0  |4 0  |6 306_420000000000000_CHI_2010  |7 0  |8 A  |9 507444  |a BIBGIM  |b BIBGIM  |d 2020-01-23  |i 4814908  |o 306.42 CHI 2010  |p 4814908  |r 2025-01-15  |w 2020-01-23  |y BK  |k SSL